000 00559nam a22001817a 4500
999 _c184150
_d184150
005 20220113143834.0
010 _aENG-131107
020 _a978-93-89811-90-2
_c598.00
035 _aEN-114639
037 _bDBAD
082 _a530
100 _aBajaj, N. K.
245 _aComplete Physics:
_bJee Main 2021
_cN. K. Bajaj
260 _aChennai
_bMcGraw Hill Education Private Limited
_c2021
270 _bChennai
_aAnjana Complex No. 5/90 A, Butt Road, St Thomas Mount
_e600016
300 _a1104p.
_c28cm(pbk)
942 _2ddc
_cEN
_h530
_mBAJ